<?xml version="1.0" encoding="UTF-8"?>
<record
    xmlns:xsi="http://www.w3.org/2001/XMLSchema-instance"
    xsi:schemaLocation="http://www.loc.gov/MARC21/slim http://www.loc.gov/standards/marcxml/schema/MARC21slim.xsd"
    xmlns="http://www.loc.gov/MARC21/slim">

  <leader>01685nam a22003137a 4500</leader>
  <datafield tag="999" ind1=" " ind2=" ">
    <subfield code="c">22014</subfield>
    <subfield code="d">22014</subfield>
  </datafield>
  <controlfield tag="003">AR-CdUCM</controlfield>
  <controlfield tag="008">190425b           ||||| |||| 00| 0 spa d</controlfield>
  <datafield tag="040" ind1=" " ind2=" ">
    <subfield code="a">MUNICIPALIDAD PROVINCIAL DEL CUSCO</subfield>
    <subfield code="c">BIBLIOTECA MUNICIPAL DEL CUSCO</subfield>
  </datafield>
  <datafield tag="082" ind1=" " ind2=" ">
    <subfield code="a">ArchiPeruFol/N&#xB0;2/1956</subfield>
  </datafield>
  <datafield tag="245" ind1=" " ind2=" ">
    <subfield code="a">Archivos peruanos del Folklore :</subfield>
    <subfield code="c">&#xD3;rgano de la Sociedad Peruana de Folklore</subfield>
  </datafield>
  <datafield tag="260" ind1=" " ind2=" ">
    <subfield code="a">Cusco.</subfield>
    <subfield code="b">Garcilaso,</subfield>
    <subfield code="c">1956.</subfield>
  </datafield>
  <datafield tag="300" ind1=" " ind2=" ">
    <subfield code="a">132 p&#xE1;ginas. :</subfield>
    <subfield code="b">ilustraciones ;</subfield>
    <subfield code="c">24 cm.</subfield>
  </datafield>
  <datafield tag="440" ind1=" " ind2=" ">
    <subfield code="a">Archivos peruanos de folklore, &#xD3;rgano de la sociedad peruana de folklore.</subfield>
    <subfield code="n">A&#xF1;o II N&#xB0;2, 1956.</subfield>
    <subfield code="9">47157</subfield>
  </datafield>
  <datafield tag="505" ind1=" " ind2=" ">
    <subfield code="a">Contenido: Otra vez el asunto de la escritura del quechua y del aymara. Oswaldo Baca Mendoza. -- Los huachanacos de Caman&#xE1;. Jos&#xE9; Mar&#xED;a Morante. -- La fiesta del se&#xF1;or de Muruhuay. Gamaniel Arroyo Ponce. -- Folklore escrito de Caraz. Cesar &#xC1;ngeles Caballero. -- Ritos pecuarios de Canas, el Ch&#xB4;allakuy y el se&#xF1;alakuy. Mario Alberto Gilt Contreras. -- Folklore medico de Sicuani, aymachura y muru. Faustino Valencia. -- Caminos y moradas de ultratumba. Leonor Loayza Amaut. --  El toro en el folklore. Edmundo Delgado Vivanco.</subfield>
  </datafield>
  <datafield tag="650" ind1=" " ind2=" ">
    <subfield code="a">Idioma quechua, aymara</subfield>
    <subfield code="9">47158</subfield>
  </datafield>
  <datafield tag="650" ind1=" " ind2=" ">
    <subfield code="a">Folklore</subfield>
    <subfield code="9">47159</subfield>
  </datafield>
  <datafield tag="650" ind1=" " ind2=" ">
    <subfield code="a">Fiestas populares del Per&#xFA;</subfield>
    <subfield code="9">47160</subfield>
  </datafield>
  <datafield tag="650" ind1=" " ind2=" ">
    <subfield code="a">Tradici&#xF3;n Cusco</subfield>
    <subfield code="9">47161</subfield>
  </datafield>
  <datafield tag="650" ind1=" " ind2=" ">
    <subfield code="a">Cronicas</subfield>
    <subfield code="9">47162</subfield>
  </datafield>
  <datafield tag="700" ind1=" " ind2=" ">
    <subfield code="a"> Baca Mendoza,  Oswaldo.</subfield>
    <subfield code="9">29966</subfield>
  </datafield>
  <datafield tag="700" ind1=" " ind2=" ">
    <subfield code="a">Morante, Jos&#xE9; Mar&#xED;a</subfield>
    <subfield code="9">47163</subfield>
  </datafield>
  <datafield tag="700" ind1=" " ind2=" ">
    <subfield code="a">Caballero, Cesar &#xC1;ngeles</subfield>
    <subfield code="9">35027</subfield>
  </datafield>
  <datafield tag="700" ind1=" " ind2=" ">
    <subfield code="a">Gilt Contreras, Mario Alberto</subfield>
    <subfield code="9">32042</subfield>
  </datafield>
  <datafield tag="700" ind1=" " ind2=" ">
    <subfield code="a">Valencia, Faustino </subfield>
    <subfield code="9">28574</subfield>
  </datafield>
  <datafield tag="700" ind1=" " ind2=" ">
    <subfield code="a">Loayza Amaut, Leonor</subfield>
    <subfield code="9">47164</subfield>
  </datafield>
  <datafield tag="700" ind1=" " ind2=" ">
    <subfield code="a">Delgado Vivanco, Edmundo</subfield>
    <subfield code="9">25661</subfield>
  </datafield>
  <datafield tag="942" ind1=" " ind2=" ">
    <subfield code="2">ddc</subfield>
    <subfield code="c">PP</subfield>
  </datafield>
  <datafield tag="945" ind1=" " ind2=" ">
    <subfield code="a">rac</subfield>
  </datafield>
  <datafield tag="952" ind1=" " ind2=" ">
    <subfield code="0">0</subfield>
    <subfield code="2">ddc</subfield>
    <subfield code="4">0</subfield>
    <subfield code="7">0</subfield>
    <subfield code="a">HEM</subfield>
    <subfield code="b">HEM</subfield>
    <subfield code="c">CART</subfield>
    <subfield code="d">2022-02-07</subfield>
    <subfield code="g">5.00</subfield>
    <subfield code="o">ArchiPeruFol/N&#xB0;2/1956</subfield>
    <subfield code="p">REVC000573</subfield>
    <subfield code="r">2022-02-07</subfield>
    <subfield code="y">PP</subfield>
  </datafield>
  <datafield tag="952" ind1=" " ind2=" ">
    <subfield code="0">0</subfield>
    <subfield code="2">ddc</subfield>
    <subfield code="4">0</subfield>
    <subfield code="7">0</subfield>
    <subfield code="a">HEM</subfield>
    <subfield code="b">HEM</subfield>
    <subfield code="c">CART</subfield>
    <subfield code="d">2022-02-07</subfield>
    <subfield code="g">5.00</subfield>
    <subfield code="o">ArchiPeruFol/N&#xB0;2/1956/e.2</subfield>
    <subfield code="p">REVC000574</subfield>
    <subfield code="r">2022-02-07</subfield>
    <subfield code="y">PP</subfield>
  </datafield>
</record>
